00289nam a2200109Ia 4500008004100000020001800041040002900059050002400088100001700112245001900129260003100148221021s9999||||xx |||||||||||||| ||und|| a0 9752923 0 7 cChuka University Library aPR 1174 b.L96 2003 aLyon, Travis 0aEnglish Poetry aPittsburghbTealemunc2003